Real Fábrica de Cristales (Record no. 760)
[ view plain ]
| 000 -CABECERA | |
|---|---|
| campo de control de longitud fija | 00842nam a2200205 a 4500 |
| 001 - NÚMERO DE CONTROL | |
| campo de control | BRCA_865 |
| 005 - FECHA Y HORA DE LA ÚLTIMA TRANSACCIÓN | |
| campo de control | 20190320203202.0 |
| 008 - DATOS DE LONGITUD FIJA--INFORMACIÓN GENERAL | |
| campo de control de longitud fija | 920723s1991 sp-a---###---#000-0cspa-d |
| 020 ## - NÚMERO INTERNACIONAL ESTÁNDAR DEL LIBRO | |
| Número Internacional Estándar del Libro | 8440486111 |
| 040 ## - FUENTE DE LA CATALOGACIÓN | |
| Centro catalogador/agencia de origen | NCorniM |
| Centro/agencia transcriptor | NCorniM |
| Centro/agencia modificador | DLC |
| 050 #4 - SIGNATURA TOPOGRÁFICA DE LA BIBLIOTECA DEL CONGRESO | |
| Número de clasificación | NK5205.R4 |
| Número de documento/Ítem | .R43 1991 |
| 245 10 - MENCIÓN DE TÍTULO | |
| Título | Real Fábrica de Cristales |
| Resto del título | tecnología y arte del vidrio en el siglo XVIII. |
| 260 ## - PUBLICACIÓN, DISTRIBUCIÓN, ETC. | |
| Lugar de publicación, distribución, etc. | San Ildefonso, Segovia |
| Nombre del editor, distribuidor, etc. | Fundación Centro Nacional del Vidrio : Real Fábrica de Cristales de la Granja |
| Fecha de publicación, distribución, etc. | 1991 |
| 300 ## - DESCRIPCIÓN FÍSICA | |
| Extensión | 126 p. |
| Otras características físicas | il. (algunas a color) |
| Dimensiones | 30 cm. |
| 500 ## - NOTA GENERAL | |
| Nota general | Catálogo de la exposición ´vidrio de la granja 1988-1989´ |
| 610 24 - PUNTO DE ACCESO ADICIONAL DE MATERIA--NOMBRE DE ENTIDAD CORPORATIVA | |
| Nombre de entidad corporativa o nombre de jurisdicción como elemento de entrada | Real Fábrica de Cristales de San Ildefonso |
| Subdivisión de forma | Exposiciones |
| 9 (RLIN) | 2885 |
| 650 14 - PUNTO DE ACCESO ADICIONAL DE MATERIA--TÉRMINO DE MATERIA | |
| Término de materia o nombre geográfico como elemento de entrada | Fabricación del vidrio |
| Subdivisión cronológica | Siglo XVIII |
| Subdivisión geográfica | España |
| 9 (RLIN) | 2886 |
| 740 0# - PUNTO DE ACCESO ADICIONAL--TÍTULO RELACIONADO O ANALÍTICO NO CONTROLADO | |
| Título relacionado o analítico no controlado | Tecnología y arte del vidrio en el siglo XVIII |
| 942 ## - ELEMENTOS DE PUNTO DE ACCESO ADICIONAL (KOHA) | |
| Fuente del sistema de clasificación o colocación | Library of Congress Classification |
| Tipo de ítem Koha | Libros |
| Estado de retiro | Estado de pérdida | Estado dañado | No para préstamo | Localización permanente | Ubicación/localización actual | Fecha de adquisición | Total de préstamos | Signatura topográfica completa | Código de barras | Fecha visto por última vez | Precio válido a partir de | Tipo de ítem Koha |
|---|---|---|---|---|---|---|---|---|---|---|---|---|
| El ejemplar forma parte de la colección y puede ser consultado según las políticas vigentes. | Biblioteca del Museo Franz Mayer (Rogerio Casas-Alatriste) | Biblioteca del Museo Franz Mayer (Rogerio Casas-Alatriste) | 26/06/2008 | NK5205.R4 .R43 1991 | 01337 | 22/03/2019 | 22/03/2019 | Libros |